Online katalóg knižníc regiónu Turca

Zmija (Record no. 20723)

MARC details
000 -LEADER
fixed length control field 01513cam a2200421 a 4500
001 - CONTROL NUMBER
control field 20723
003 - CONTROL NUMBER IDENTIFIER
control field VRT
005 - DATE AND TIME OF LATEST TRANSACTION
control field 20260130143001.0
008 - FIXED-LENGTH DATA ELEMENTS--GENERAL INFORMATION
fixed length control field 240318s1993 xo e 0000f slo
015 ## - NATIONAL BIBLIOGRAPHY NUMBER
National bibliography number SNBA1993/09
020 ## - INTERNATIONAL STANDARD BOOK NUMBER
International Standard Book Number 8022004561
Qualifying information (viaz.)
035 ## - SYSTEM CONTROL NUMBER
System control number SNK000015515
039 #9 - LEVEL OF BIBLIOGRAPHIC CONTROL AND CODING DETAIL [OBSOLETE]
Level of rules in bibliographic description 202407181409
Level of effort used to assign nonsubject heading access points msnk167
Level of effort used to assign subject headings 202403181359
Level of effort used to assign classification VLOAD
Level of effort used to assign subject headings 202111211818
Level of effort used to assign classification AUTHORITY
Level of effort used to assign subject headings 202111211759
Level of effort used to assign classification AUTHORITY
040 ## - CATALOGING SOURCE
Original cataloging agency SNK
Language of cataloging slo
Transcribing agency SNK
Description conventions AACR2
041 1# - LANGUAGE CODE
Language code of text/sound track or separate title slo
Language code of original eng
044 ## - COUNTRY OF PUBLISHING/PRODUCING ENTITY CODE
MARC country code xo
ISO country code SK
072 #7 - SUBJECT CATEGORY CODE
Subject category code 821.111(73)-3
Subject category code subdivision Americká próza
Source konspekt
080 ## - UNIVERSAL DECIMAL CLASSIFICATION NUMBER
Universal Decimal Classification number 820 (73)-3
Edition identifier 1981
100 1# - MAIN ENTRY--PERSONAL NAME
Personal name Stout, Rex,
Dates associated with a name 1886-1975
Relationship aut
240 10 - UNIFORM TITLE
Uniform title Nero Wolfe, Fer-de-Lance
Language of a work Slovensky
245 10 - TITLE STATEMENT
Title Zmija
Remainder of title Detektív Nero Wolfe a jeho prvý prípad
Statement of responsibility, etc. Rex Stout ; prekl. Vladimír Ruppeldt
250 ## - EDITION STATEMENT
Edition statement 1. vyd.
260 ## - PUBLICATION, DISTRIBUTION, ETC.
Place of publication, distribution, etc. Bratislava
Name of publisher, distributor, etc. Slovenský spisovateľ
Date of publication, distribution, etc. 1993
Place of manufacture Trnava
Manufacturer Polygrafické závody
300 ## - PHYSICAL DESCRIPTION
Extent 218 s.
Dimensions 21 cm
490 0# - SERIES STATEMENT
Series statement Zelená knižnica
655 #7 - INDEX TERM--GENRE/FORM
Genre/form data or focus term americké romány
Source of term SNKPH
655 #7 - INDEX TERM--GENRE/FORM
Genre/form data or focus term detektívne romány
Source of term SNKPH
700 1# - ADDED ENTRY--PERSONAL NAME
Personal name Ruppeldt, Vladimír,
Dates associated with a name 1953-
Relationship trl
700 1# - ADDED ENTRY--PERSONAL NAME
Personal name Grečner, Dušan,
Dates associated with a name 1944-2015
Relationship bjd
830 #0 - SERIES ADDED ENTRY--UNIFORM TITLE
Uniform title Zelená knižnica
942 ## - ADDED ENTRY ELEMENTS (KOHA)
Source of classification or shelving scheme Dewey Decimal Classification
Koha item type Krásna literatúra pre dospelých
Suppress in OPAC No
949 ## - LOCAL PROCESSING INFORMATION (OCLC)
6 270001000033231
a svkbbA 84207
b svkbbm 579950
949 ## - LOCAL PROCESSING INFORMATION (OCLC)
6 17A1010447
a snkSC 84292
949 ## - LOCAL PROCESSING INFORMATION (OCLC)
6 17A0136594
9 P60, <05>, [BOOK], {605}
a snkSC 84292 D1
949 ## - LOCAL PROCESSING INFORMATION (OCLC)
6 273K0203431
a svkpoA 160945
b svkpo396648
o PV 120/94
Holdings
Stav vyradenia Strata Poškodenie Spôsob nadobudnutia Domovská knižnica Aktuálna knižnica Dátum nadobudnutia Total checkouts Čiarový kód exemplára Date last seen Typ exemplára
      Dar Obecná knižnica Horná Štubňa Obecná knižnica Horná Štubňa 30.01.2026   4736200863 30.01.2026 Krásna literatúra pre dospelých
Projekt je podporený Slovenskou asociáciou knižníc
Prevádzkuje Turčianska knižnica Martin 2026